| 000 | 01077pam a2200349Ia 4500 | ||
|---|---|---|---|
| 001 | sjdsz9livm b1154023 | ||
| 003 | sjds | ||
| 005 | 20180617203251.0 | ||
| 008 | 021115s2002 nyua b 000 1 spa | ||
| 010 | _a2002192759 | ||
| 020 | _a0439550270 (pbk.) | ||
| 020 | _a9780439550277 (pbk.) | ||
| 020 | _a0060523409 | ||
| 040 | _csjds | ||
| 041 |
_aspa _heng |
||
| 090 |
_ajSPAN PIC _bNUM |
||
| 100 | 1 | _aNumeroff, Laura Joffe. | |
| 245 | 1 | 0 |
_aSi llevas un ratón a la escuela _cpor Laura Numeroff ; ilustrado por Felicia Bond ; traducido por Teresa Mlawer. |
| 246 | 3 | 0 | _aIf you take a mouse to school. |
| 250 | _aSpanish. | ||
| 260 |
_a[New York] : _bScholastic, _c2002. |
||
| 300 |
_a[29] p. : _bcol. ill. ; _c24 cm. |
||
| 500 | _aTranslation of: If you take a mouse to school. | ||
| 520 | _aFollows a boy and his mouse through a busy day at school. | ||
| 650 | 1 |
_aSchools _vFiction. |
|
| 650 | 1 |
_aMice _vFiction. |
|
| 650 | 1 | _aSpanish language materials. | |
| 650 | 1 | _aEspanol. | |
| 700 | 1 | _aBond, Felicia. | |
| 700 | 1 | _aMlawer, Teresa. | |
| 942 | _cBK | ||
| 999 |
_c17549 _d17549 |
||